000
00272nam a2200097Ia 4500
008
230206s9999 xx 000 0 und d
041
_a
eng
100
_a
Ashok H. Advani (Publisher)
_9
119185
245
_a
Business India
260
_c
1998
_b
Usha Offset Printers Pvt. Ltd.
_a
Bombay
999
_c
97633
_d
97633